000 00975nam a22002537a 4500
005 20240530110612.0
008 161122s2015 ua ak g b 000 0 ara d
017 _a2014/20269
_bمصر . دار الكتب المصرية
020 _a9789774279331
040 _aEG-CaGPL
082 0 4 _221
_a179.1\
_bم م
100 0 _aمصطفى النشار
245 1 0 _aمدخل إلى فلسفة البيئة و المذاهب الايكولوجية المعاصرة /
_cمصطفى النشار
250 _aط. 1
260 _aالقاهرة :
_bالدار المصرية اللبنانية ،
_c2015
300 _a152 ص. :
_bجداول ، اشكال ؛
_c24 سم.
504 _aيشتمل على ارجاعات ببليوجرافية
650 0 7 _2qrmak
_aالبيئة
650 0 7 _2qrmak
_aالفلسفة
650 0 7 _2qrmak
_aالبيئة والانسان
650 0 7 _2qrmak
_aعلم الاخلاق
942 _2ddc
_cBK
999 _c62878
_d62878